Statistics for African Cities by Clue

Click here to take the quiz!

General Stats

  • This quiz has been taken 511 times
  • The average score is 15 of 20

Answer Stats

CluesCity% Correct
Nile Delta, Arab League, Tahrir SquareCairo
99%
Lighthouse, Library, CleopatraAlexandria
91%
Jasmine Revolution, Carthage, Habib BourguibaTunis
90%
Gaddafi, Phoenicians, OeaTripoli
88%
Table Bay, Lion's Head, Robben IslandCape Town
86%
Hassan II, Rick's Café, Atlantic OceanCasablanca
86%
2010 World Cup final, Soweto, TransvaalJohannesburg
84%
Afrobeat, Nollywood, LagoonLagos
84%
Horn of Africa, Xamar, PiratesMogadishu
84%
Karura Forest, Massai, United NationsNairobi
83%
Lake Victoria, Entebbe, Idi AminKampala
79%
French-speaking, Ali vs. Foreman, LeopoldvilleKinshasa
75%
Haile Selassie, African Union, Orthodox ChurchAddis Ababa
74%
Salisbury, Pioneer Column, MugabeHarare
72%
Maghreb, Casbah, Ketchaoua MosqueAlgiers
67%
Chari, Lake Chad, Fort-LamyN'Djamena
58%
Thebes, Karnak, Vegas CasinoLuxor
57%
Atlas, Jemaa el-Fnaa, Medina quarterMarrakech
53%
Freddie Mercury, Stone Town, Former sultanateZanzibar
51%
Sahel, Sankore Mosque, TuaregTimbuktu
39%

Score Distribution

Percentile by Number Answered

Percent of People with Each Score

Your Score History

You have not taken this quiz